Cut My Lip - Twenty One Pilots Lyrics - Statistics

General Stats
  • This quiz has been taken 10 times
  • The average score is 209 of 301
Answer Stats
Lyrics % Correct
a
86%
a
86%
a
86%
a
86%
a
86%
a
86%
all
86%
as
86%
cut
86%
cut
86%
cut
86%
cut
86%
decide
86%
I
86%
I
86%
I
86%
I
86%
I
86%
Verse 2 I
86%
Bridge I
86%
I
86%
I
86%
I
86%
I
86%
I
86%
I
86%
I
86%
Outro I
86%
I
86%
If
86%
Verse 1 I'll
86%
I'll
86%
keep
86%
keep
86%
lip
86%
lip
86%
lip
86%
lip
86%
might
86%
my
86%
my
86%
my
86%
my
86%
on
86%
on
86%
tryin',
86%
tryin'
86%
well
86%
you
86%
all
71%
all
71%
all
71%
all
71%
all
71%
all
71%
am
71%
am
71%
am
71%
anyway
71%
anyway
71%
around
71%
around
71%
as
71%
at
71%
at
71%
at
71%
at
71%
at
71%
at
71%
Blood
71%
Blood
71%
bruised,
71%
bruised,
71%
bruised,
71%
contusions
71%
contusions
71%
contusions
71%
cut
71%
cut
71%
cut
71%
cut
71%
don't
71%
don't
71%
don't
71%
don't
71%
don't
71%
don't
71%
Drink
71%
Drink
71%
face
71%
face
71%
face
71%
I
71%
I
71%
I
71%
I
71%
I
71%
I
71%
I
71%
I'll
71%
I'll
71%
I'll
71%
I'll
71%
I'll
71%
I'm
71%
I'm
71%
I'm
71%
I'm
71%
I'm
71%
I'm
71%
is
71%
is
71%
is
71%
Isn't
71%
Isn't
71%
it
71%
it
71%
keep
71%
keep
71%
keep
71%
keep
71%
keep
71%
Know
71%
Know
71%
Know
71%
Know
71%
Know
71%
Lean
71%
Lean
71%
Lean
71%
Lean
71%
Lean
71%
Lean
71%
Lean
71%
Lean
71%
Lean
71%
Lean
71%
Lean
71%
Lean
71%
lion
71%
lion
71%
lion
71%
lion
71%
lion
71%
lion
71%
lip
71%
lip,
71%
lip,
71%
lip
71%
might
71%
mind
71%
mind
71%
mind
71%
mind
71%
mind
71%
mind
71%
movin'
71%
movin'
71%
movin'
71%
movin'
71%
movin'
71%
my
71%
my
71%
my
71%
my
71%
my
71%
my
71%
my
71%
my
71%
my
71%
my
71%
my
71%
my
71%
my
71%
my
71%
my
71%
my
71%
my
71%
my
71%
of
71%
of
71%
of
71%
on
71%
on
71%
on
71%
on
71%
on
71%
on
71%
on
71%
on
71%
on
71%
on
71%
on
71%
on
71%
on
71%
on
71%
pride
71%
pride
71%
pride
71%
pride
71%
pride
71%
pride
71%
pride
71%
pride
71%
pride
71%
pride
71%
pride
71%
pride
71%
rim
71%
rim
71%
Chorus Rust
71%
Chorus Rust
71%
the
71%
the
71%
Pre-Chorus Though
71%
Though
71%
Pre-Chorus Though
71%
tongue
71%
tongue
71%
want
71%
want
71%
well
71%
well
71%
what
71%
what
71%
abuse
57%
all
57%
am
57%
am
57%
anyway
57%
around
57%
back
57%
back
57%
Blood
57%
bruised,
57%
bruised,
57%
contusions
57%
contusions
57%
decide
57%
Drink
57%
Even
57%
face
57%
face
57%
goin'
57%
goin'
57%
I
57%
If
57%
I'll
57%
I'll
57%
I'll
57%
is
57%
is
57%
Isn't
57%
it
57%
it's
57%
keep
57%
keep
57%
keep
57%
keep
57%
keep
57%
Know
57%
Know
57%
Know
57%
me
57%
movin'
57%
movin'
57%
movin'
57%
my
57%
of
57%
of
57%
oh-oh,
57%
oh-oh
57%
on
57%
on
57%
on
57%
rim
57%
Chorus Rust
57%
the
57%
though
57%
Pre-Chorus Though
57%
Though
57%
tongue
57%
want
57%
well
57%
what
57%
yeah
57%
yeah
57%
you
57%
(all
43%
as
43%
as
43%
(decide)
43%
Even
43%
I'll
43%
is
43%
(might
43%
(might
43%
(tryin'),
43%
well)
43%
well)
43%
well)
43%
No matching quizzes found
Score Distribution
Percent of People with Each Score
Percentile by Number Answered
Your Score History
You have not taken this quiz